Hallo in 15 Talen - Statistieken

Algemene statistieken
  • Deze quiz is 162 keer genomen
  • De gemiddelde score is 11 van 15
Antwoordstatistieken
Tip Taal % Correct
Hello Engels
100%
Hallo Nederlands | Duits | Afrikaans
100%
Bonjour Frans
98%
Hola Spaans
98%
Ciao Italiaans
93%
你好 Mandarijn
91%
Привет Russisch
88%
Olá Portugees
83%
こんにちは Japans
82%
مرحبًا Arabisch
77%
Γεια σας Grieks
45%
Xin chào Vietnamees
35%
नमस्कार Hindi
30%
Merhaba Turks
25%
Hujambo Swahili
16%
Geen overeenkomende quizzen gevonden
Scoreverdeling
Procent van Mensen met Elke Score
Percentiel versus Aantal Correcte Antwoorden
Uw Scoregeschiedenis
U heeft deze quiz nog niet genomen